Fundamentos de la gerencia moderna / (Registro nro. 10499)

Detalles MARC
000 -LEADER
fixed length control field 01094nam a2200301 4500
001 - CONTROL NUMBER
control field 0000018424
003 - CONTROL NUMBER IDENTIFIER
control field CO-CtgCURN
005 - DATE AND TIME OF LATEST TRANSACTION
control field 20250329191006.0
007 - PHYSICAL DESCRIPTION FIXED FIELD--GENERAL INFORMATION
fixed length control field ta
008 - FIXED-LENGTH DATA ELEMENTS--GENERAL INFORMATION
fixed length control field 160627s1998 000 0 eng d
020 ## - INTERNATIONAL STANDARD BOOK NUMBER
International Standard Book Number 9589514057
040 ## - CATALOGING SOURCE
Original cataloging agency CO-CtgCURN
Language of cataloging spa
Transcribing agency coctgcurn
082 0# - DEWEY DECIMAL CLASSIFICATION NUMBER
Classification number 658
Item number A11f
100 1# - MAIN ENTRY--PERSONAL NAME
Personal name Abad Arango, Dario.
245 10 - TITLE STATEMENT
Title Fundamentos de la gerencia moderna /
Statement of responsibility, etc. Dario Abad Arango.
260 ## - PUBLICATION, DISTRIBUTION, ETC.
Place of publication, distribution, etc. Bogotá :
Name of publisher, distributor, etc. Interconed,
Date of publication, distribution, etc. 1998.
300 ## - PHYSICAL DESCRIPTION
Extent 147 p.
336 ## - CONTENT TYPE
Source rdacontent
337 ## - MEDIA TYPE
Source rdamedia
Media type term sin mediacion
Media type code n
338 ## - CARRIER TYPE
Source rdacarrier
Carrier type term volumen
Carrier type code nc
490 1# - SERIES STATEMENT
Series statement Colección empresas y modernidad
500 ## - GENERAL NOTE
General note Incluye indice de materias.
505 8# - FORMATTED CONTENTS NOTE
Formatted contents note La sociedad empresarial.--El papel de la gerencia.--El nuevo perfil del empresario.--La cultura organizacional.--Control de gestion e indicadores.--Gerencia, tecnología, creatividad y cambio.--Conclusiones gerenciales
650 14 - SUBJECT ADDED ENTRY--TOPICAL TERM
Topical term or geographic name entry element Gestion empresarial
Form subdivision Control.
908 ## - PUT COMMAND PARAMETER (RLIN)
Put command parameter 160627
942 ## - ADDED ENTRY ELEMENTS (KOHA)
Koha item type Libros
Classification part 658
Item part A11f
Source of classification or shelving scheme Dewey Decimal Classification
Existencias
Withdrawn status Lost status Source of classification or shelving scheme Damaged status Not for loan Collection Home library Current library Shelving location Date acquired Inventory number Total checkouts Full call number Barcode Date last seen Price effective from Koha item type Public note
    Dewey Decimal Classification     General Miguel Henríquez Castañeda Miguel Henríquez Castañeda General 03/29/2025 010975   658 A11f 010975 03/29/2025 03/29/2025 Libros 650-ADMINS